[Event "GRE-chT 42nd"]
[Site "Porto Rio"]
[Date "2014.06.30"]
[Round "4.4"]
[White "Theodoulidis, Theodoros"]
[Black "Grigoriadis, Alexandros"]
[Result "1-0"]
[WhiteElo "2115"]
[BlackElo "2243"]
[PlyCount "72"]
[EventDate "2014.06.28"]
[EventType "team-swiss"]
[EventRounds "7"]
[EventCountry "GRE"]
[SourceTitle "CBM 161 Extra"]
[Source "ChessBase"]
[SourceDate "2014.08.29"]
[SourceVersion "1"]
[SourceVersionDate "2014.08.29"]
[SourceQuality "1"]
[WhiteTeam "Ptolemaida Ptolemaios"]
[BlackTeam "AEK"]
[WhiteTeamCountry "GRE"]
[BlackTeamCountry "GRE"]

1. e4 c5 2. Nf3 e6 3. d4 cxd4 4. Nxd4 a6 5. Nc3 d6 6. Be2 Nf6 7. 0-0 Be7 8. f4 Qc7 9. Be3 0-0 10. a4 Nc6 11. Kh1 Bd7 12. Qe1 Nxd4 13. Bxd4 Bc6 14. Bd3 e5 15. fxe5 dxe5 16. Qg3 Nd7 17. Rf5 Bh4 18. Qxh4 exd4 19. Nd5 Bxd5 20. exd5 g6 21. Rh5 Qd8 22. Rxh7 Qxh4 23. Rxh4 Rfe8 24. Rxd4 Nc5 25. Rd1 Rad8 26. Kg1 Kg7 27. Bf1 Rd6 28. Rc4 Ne4 29. Rc7 Re5 30. Bc4 Rf6 31. Rxb7 Nd6 32. Rc7 Rf4 33. b3 a5 34. Rc6 Rf6 35. Rf1 Rxf1+ 36. Kxf1 Nf5 1-0

[Event "GRE-chT 42nd"]
[Site "Porto Rio"]
[Date "2014.06.28"]
[Round "1.4"]
[White "Theodoulidis, Theodoros"]
[Black "Mitigas, Spyridon"]
[Result "1/2-1/2"]
[WhiteElo "2115"]
[BlackElo "2154"]
[PlyCount "119"]
[EventDate "2014.06.28"]
[EventType "team-swiss"]
[EventRounds "7"]
[EventCountry "GRE"]
[SourceTitle "CBM 161 Extra"]
[Source "ChessBase"]
[SourceDate "2014.08.29"]
[SourceVersion "1"]
[SourceVersionDate "2014.08.29"]
[SourceQuality "1"]
[WhiteTeam "Ptolemaida Ptolemaios"]
[BlackTeam "Mapou Thunder"]
[WhiteTeamCountry "GRE"]
[BlackTeamCountry "GRE"]

1. e4 c5 2. Nf3 e6 3. d4 cxd4 4. Nxd4 Nf6 5. Nc3 d6 6. Be2 Be7 7. 0-0 0-0 8. Be3 Nc6 9. f4 Bd7 10. Kh1 Nxd4 11. Bxd4 Bc6 12. Bd3 Nd7 13. Qh5 e5 14. Be3 exf4 15. Bxf4 Ne5 16. Rad1 Bf6 17. Qe2 a6 18. Bc4 Nxc4 19. Qxc4 Bxc3 20. Qxc3 Bxe4 21. Qg3 Bxc2 22. Rxd6 Qa5 23. Be5 Bg6 24. h4 Rae8 25. Bc3 Qb5 26. Rfd1 Qe2 27. R6d2 Qe3 28. Qxe3 Rxe3 29. Rd8 Re4 30. Rxf8+ Kxf8 31. Rd4 Re8 32. Bb4+ Kg8 33. Be7 f5 34. Rd8 Rxd8 35. Bxd8 Kf7 36. Kh2 Ke6 37. Kg3 Ke5 38. Kf3 Bh5+ 39. Ke3 f4+ 40. Kf2 Ke4 41. Bc7 h6 42. Bd6 g5 43. Bf8 gxh4 44. Bxh6 Kf5 45. Bf8 Kg4 46. Bd6 Bg6 47. a3 Be4 48. Bc7 Bc6 49. Bd6 Kf5 50. Be7 Kg4 51. Bd6 f3 52. gxf3+ Bxf3 53. Be7 Bd5 54. Bd6 Be6 55. Bc7 Bd7 56. Bd6 Kf5 57. Be7 h3 58. Kg3 Ke5 59. Bf8 Kf6 60. Bb4 1/2-1/2

[Event "GRE-chT 40th"]
[Site "Achaia"]
[Date "2012.07.04"]
[Round "6.10"]
[White "Antoniewski, Rafal"]
[Black "Theodoulidis, Theodoros"]
[Result "1-0"]
[WhiteElo "2536"]
[BlackElo "2146"]
[PlyCount "69"]
[EventDate "2012.06.30"]
[EventType "team-swiss"]
[EventRounds "7"]
[EventCountry "GRE"]
[SourceTitle "CBM 149 Extra"]
[Source "ChessBase"]
[SourceDate "2012.08.24"]
[SourceVersion "1"]
[SourceVersionDate "2012.08.24"]
[SourceQuality "1"]
[WhiteTeam "Korydallos"]
[BlackTeam "Ptolemaida Ptolemaios"]
[WhiteTeamCountry "GRE"]
[BlackTeamCountry "GRE"]

1. g3 Nf6 2. Bg2 e6 3. f4 d5 4. Nf3 c5 5. 0-0 Nc6 6. d3 Be7 7. Qe1 Nd4 8. Na3 Nxf3+ 9. Bxf3 Bd7 10. e4 Bc6 11. e5 Nd7 12. c4 Nb6 13. Qf2 0-0 14. Be3 d4 15. Bd2 Bxf3 16. Qxf3 Qd7 17. Rae1 a6 18. b3 Rab8 19. g4 Qc6 20. Re4 Nd7 21. f5 exf5 22. gxf5 f6 23. e6 Ne5 24. Qg3 Bd6 25. Qh3 Qc7 26. Rf2 g5 27. fxg6 Nxg6 28. Bh6 f5 29. Bxf8 fxe4 30. Bxd6 Qxd6 31. Rf7 Nf8 32. Qg4+ Ng6 33. Qh5 Nf8 34. Qg5+ Ng6 35. Qh6 1-0

[Event "GRE-chT 40th"]
[Site "Achaia"]
[Date "2012.07.03"]
[Round "5.12"]
[White "Theodoulidis, Theodoros"]
[Black "Edouard, Romain"]
[Result "0-1"]
[WhiteElo "2146"]
[BlackElo "2625"]
[PlyCount "62"]
[EventDate "2012.06.30"]
[EventType "team-swiss"]
[EventRounds "7"]
[EventCountry "GRE"]
[SourceTitle "CBM 149 Extra"]
[Source "ChessBase"]
[SourceDate "2012.08.24"]
[SourceVersion "1"]
[SourceVersionDate "2012.08.24"]
[SourceQuality "1"]
[WhiteTeam "Ptolemaida Ptolemaios"]
[BlackTeam "Kalamata Poseidon"]
[WhiteTeamCountry "GRE"]
[BlackTeamCountry "GRE"]

1. e4 c5 2. Nf3 d6 3. Bb5+ Nd7 4. d4 cxd4 5. Qxd4 a6 6. Bxd7+ Bxd7 7. Nc3 Rc8 8. Bg5 h6 9. Bh4 e5 10. Qd3 g5 11. Bg3 Nf6 12. 0-0 Be7 13. Rad1 Be6 14. Rfe1 Qc7 15. Nd5 Bxd5 16. exd5 Qxc2 17. Qa3 Nd7 18. b3 Qc5 19. b4 Qc3 20. Qa4 Qc2 21. Qa5 Bd8 22. Qa3 Rc3 23. Qc1 Qxc1 24. Rxc1 Rxc1 25. Rxc1 f5 26. h4 Nb6 27. b5 axb5 28. hxg5 hxg5 29. Nxe5 dxe5 30. Bxe5 Rh4 31. Bc7 Rc4 0-1

[Event "GRE-chT 40th"]
[Site "Achaia"]
[Date "2012.07.01"]
[Round "2.9"]
[White "Theodoulidis, Theodoros"]
[Black "Hadzimanolis, Antonios"]
[Result "0-1"]
[WhiteElo "2146"]
[BlackElo "2290"]
[PlyCount "88"]
[EventDate "2012.06.30"]
[EventType "team-swiss"]
[EventRounds "7"]
[EventCountry "GRE"]
[SourceTitle "CBM 149 Extra"]
[Source "ChessBase"]
[SourceDate "2012.08.24"]
[SourceVersion "1"]
[SourceVersionDate "2012.08.24"]
[SourceQuality "1"]
[WhiteTeam "Ptolemaida Ptolemaios"]
[BlackTeam "Panathlitikos Sykeon"]
[WhiteTeamCountry "GRE"]
[BlackTeamCountry "GRE"]

1. e4 e5 2. Nf3 Nc6 3. Bb5 a6 4. Ba4 Nf6 5. d4 exd4 6. 0-0 Be7 7. Re1 0-0 8. e5 Ne8 9. Bxc6 dxc6 10. Qxd4 Qxd4 11. Nxd4 c5 12. Nb3 b6 13. Nc3 Be6 14. Bf4 c6 15. a4 a5 16. Nd2 Rd8 17. Rad1 Bf5 18. Nde4 Nc7 19. f3 Nd5 20. Nxd5 cxd5 21. Nc3 Bxc2 22. Rxd5 Bb3 23. Rxd8 Rxd8 24. Re2 Kf8 25. Kf2 Ke8 26. Rd2 Rxd2+ 27. Bxd2 Kd7 28. f4 Ke6 29. g4 g5 30. fxg5 Kxe5 31. Kf3 Kd4 32. Bf4 Bd8 33. h4 Kd3 34. Be5 Kc2 35. Ne4 Bxa4 36. Kf4 Bc6 37. Nd6 Bd5 38. Nb5 a4 39. h5 Be6 40. Nc3 Kxb2 41. Nxa4+ Kb3 42. Nc3 Kc4 43. Ne4 Kd5 44. Nc3+ Kc6 0-1

[Event "GRE-chT 39th"]
[Site "Eretria"]
[Date "2011.07.06"]
[Round "5.7"]
[White "Theodoulidis, Theodoros"]
[Black "Mastrovasilis, Athanasios"]
[Result "0-1"]
[WhiteElo "2196"]
[BlackElo "2537"]
[PlyCount "112"]
[EventDate "2011.07.03"]
[EventType "team-swiss"]
[EventRounds "7"]
[EventCountry "GRE"]
[SourceTitle "CBM 143 Extra"]
[Source "ChessBase"]
[SourceDate "2011.08.29"]
[SourceVersion "1"]
[SourceVersionDate "2011.08.29"]
[SourceQuality "1"]
[WhiteTeam "Ptolemaida Ptolemaios"]
[BlackTeam "Florinas"]
[WhiteTeamCountry "GRE"]
[BlackTeamCountry "GRE"]

1. e4 c5 2. Nf3 e6 3. d4 cxd4 4. Nxd4 a6 5. Nc3 Qc7 6. a3 Nf6 7. Be3 Nc6 8. Be2 b5 9. Nxc6 dxc6 10. f4 e5 11. 0-0 Bd6 12. f5 Bb7 13. Qe1 Qe7 14. Rd1 Bc5 15. Bf3 0-0 16. Qf2 Bxe3 17. Qxe3 Rfd8 18. Rxd8+ Rxd8 19. Rd1 Rxd1+ 20. Nxd1 c5 21. Nf2 Qd6 22. Qd3 Qc7 23. g4 h6 24. h4 Qe7 25. Kg2 Nd7 26. Kg3 c4 27. Qe3 Qc5 28. Qxc5 Nxc5 29. g5 hxg5 30. hxg5 Kf8 31. Bg2 Na4 32. Nd1 f6 33. gxf6 gxf6 34. Kf3 Kg7 35. Kg4 Kh6 36. Kh4 Bc6 37. Kg4 Be8 38. Bf3 a5 39. Kh4 Bc6 40. Kg4 Nc5 41. Nf2 b4 42. axb4 axb4 43. Kh4 Bb5 44. Nd1 Bc6 45. Ne3 c3 46. bxc3 bxc3 47. Nd5 Bxd5 48. exd5 Nb7 49. Bh5 Nd6 50. Bg6 Nc4 51. Bf7 Ne3 52. Be6 Kg7 53. d6 Kf8 54. Kh5 Nxc2 55. Kg6 Nd4 56. Kxf6 c2 0-1

[Event "Ptolemaida Atomiko op 11th"]
[Site "Ptolemaida"]
[Date "2010.03.27"]
[Round "6"]
[White "Gekas, Sokratis"]
[Black "Theodoulidis, Theodoros"]
[Result "1/2-1/2"]
[WhiteElo "2245"]
[BlackElo "2196"]
[PlyCount "44"]
[EventDate "2010.03.25"]
[EventType "swiss"]
[EventRounds "7"]
[EventCountry "GRE"]
[SourceTitle "CBM 135 Extra"]
[Source "ChessBase"]
[SourceDate "2010.05.04"]
[SourceVersion "1"]
[SourceVersionDate "2010.05.04"]
[SourceQuality "1"]

1. d4 Nf6 2. Nc3 d5 3. Bg5 Bf5 4. e3 e6 5. Bd3 Bxd3 6. Qxd3 c6 7. Nf3 Be7 8. 0-0 Nbd7 9. Rad1 0-0 10. Ne2 b5 11. b3 b4 12. c4 bxc3 13. Nxc3 c5 14. Na4 Ne4 15. Bxe7 Qxe7 16. Nxc5 Ndxc5 17. dxc5 Qxc5 18. Rc1 Qa3 19. Rc2 Rac8 20. Nd4 Nd6 21. Nc6 Nc4 22. Ne7+ Qxe7 1/2-1/2